The First epistle to the Corinthians (Record no. 379)
[ view plain ]
| 000 -LEADER | |
|---|---|
| fixed length control field | 00596nam a2200193Ia 4500 |
| 008 - FIXED-LENGTH DATA ELEMENTS--GENERAL INFORMATION | |
| fixed length control field | 200731s9999 xx 000 0 und d |
| 020 ## - INTERNATIONAL STANDARD BOOK NUMBER | |
| International Standard Book Number | 9780802871367 |
| 041 ## - LANGUAGE CODE | |
| Language code of text/sound track or separate title | eng |
| 050 ## - LIBRARY OF CONGRESS CALL NUMBER | |
| Classification number | BS2675.53 |
| Item number | .F44 2014 |
| 100 ## - MAIN ENTRY--PERSONAL NAME | |
| Personal name | Fee, Gordon D. |
| 245 ## - TITLE STATEMENT | |
| Title | The First epistle to the Corinthians |
| Remainder of title | / |
| Statement of responsibility, etc. | Gordon D. Fee |
| 250 ## - EDITION STATEMENT | |
| Edition statement | rev.ed. |
| 260 ## - PUBLICATION, DISTRIBUTION, ETC. | |
| Place of publication, distribution, etc. | Grand Rapids, Mich: |
| Name of publisher, distributor, etc. | Eerdmans, |
| Date of publication, distribution, etc. | 2014 |
| 300 ## - PHYSICAL DESCRIPTION | |
| Extent | lxii, 982 p. |
| Other physical details | ; |
| Dimensions | 25 cm. |
| 490 ## - SERIES STATEMENT | |
| Series statement | The new international commentary on the New Testament |
| Volume/sequential designation | v.46 |
| 650 ## - SUBJECT ADDED ENTRY--TOPICAL TERM | |
| Topical term or geographic name entry element | Bible. Corinthians, 1st -- Commentaries. |
| 650 ## - SUBJECT ADDED ENTRY--TOPICAL TERM | |
| Topical term or geographic name entry element | Biblia. -- N.T. |
| Withdrawn status | Lost status | Damaged status | Not for loan | Home library | Current library | Shelving location | Date acquired | Total Checkouts | Full call number | Barcode | Date last seen | Price effective from | Koha item type |
|---|---|---|---|---|---|---|---|---|---|---|---|---|---|
| GETS Theological Seminary Library | GETS Theological Seminary Library | General Stacks | 07/12/2020 | BS2675.53 .F44 2014 | 00000363 | 07/12/2020 | 07/12/2020 | English Books |